| 000 | 00803cam a22002657a 4500 | ||
|---|---|---|---|
| 003 | CHAP | ||
| 005 | 20220329135305.0 | ||
| 008 | 971013s r 00010 d | ||
| 010 | _a33874 | ||
| 011 | _a34846 | ||
| 035 | _a38962 | ||
| 040 | _cCHAP | ||
| 090 | _aFolleto 5914y | ||
| 100 | 0 | 0 |
_aMelosavlievik, Branislav. _974487 |
| 245 | 1 | 4 |
_aLos combinados agro-industriales, un factor rĂ¡pido _b: desarrollo de la agricultura yugoslava |
| 260 |
_a(s.l. : _bs.e.), _c(s.a.) |
||
| 300 | _a4 p | ||
| 590 |
_aBATCH-UPD _b10 _c20130110 _lUCH01 _h0146 |
||
| 590 |
_aBATCH-UPD _b10 _c20130110 _lUCH01 _h2117 |
||
| 590 |
_aCONVERSION _b10 _c20130109 _lUCH01 _h1319 |
||
| 650 | 1 | 4 |
_aAgricultura _xYugoslavia. _91904 |
| 901 | _aBK | ||
| 942 | _cFOLL | ||
| 949 |
_aFolleto 5914y _bBC _cFOLL _d-89062 _eTS1 _i38962 _mD _si |
||
| 999 |
_c33874 _d33874 |
||